LEADER 01238nam0-2200397---450 001 990005644740203316 005 20210914131357.0 035 $a000564474 035 $aUSA01000564474 035 $a(ALEPH)000564474USA01 035 $a000564474 100 $a20040518d1981----|||y0itaa50------ba 101 $aita 102 $ait 105 $a0 00||| 200 1 $aChe cosa sapeva Maisie$fHenry James$gprefazione di Sergio Perosa$g[traduzione dall'inglese di Sergio Baldi e Aldo Celli] 210 $aMilano$cBompiani$d1981 215 $a297 p.$d21 cm 225 2 $aNuovo portico$v24 300 $aTrad. di$cWhat Maisie Knew. 410 0$12001$aNuovo portico$v24 454 $1001SA0010066$12001$aWhat Maisie Knew$fHenry James$948949 620 $dMILANO 676 $a813.4 700 1$aJAMES,$bHenry$f<1843-1916>$0131924 702 1$aPEROSA,$bSergio 801 0$aIT$bSA$c20111219 912 $a990005644740203316 950 0$aDipar.to di Filosofia - Salerno$dDFFDC 800 JAM$e4998 FIL 951 $aXV.18.B. 192 (FDC 800 JAM)$b4998 FIL$cXV.18.B$d537133 959 $aBK 969 $aFDECI 979 $c20121027$lUSA01$h1525 979 $c20121027$lUSA01$h1614 996 $aWhat Maisie knew$948949 997 $aUNISA LEADER 01306nam--2200385---450 001 990000515880203316 005 20221017115345.0 010 $a88-238-0285-7 035 $a0051588 035 $aUSA010051588 035 $a(ALEPH)000051588USA01 035 $a0051588 100 $a20010619d1995----km-y0itay0103----ba 101 $aita 102 $aIT 105 $a||||||||001yy 200 1 $a<> contratti di viaggio e turismo$ela disciplina, la giurisprudenza, le strategie$fintroduzione di Giorgio De Nova$ga cura di Cesare Vaccà 210 $aMilano$cEGEA$dc1995 215 $aIX, 796 p.$d24 cm 225 2 $aCollana di diritto e prassi degli scambi internazionali$v6 300 $aIn copertina: Istituto pe rlo studio e la difusione dell'arbitrato e del diritto del commercio internazioanle 410 $12001$aCollana di diritto e prassi degli scambi internazionali$v6 461 1$1001-------$12001 606 0 $aAgenzie di viaggi$xLegislazione 606 0 $aContratto turistico 676 $a343.4508559104 702 1$aDE NOVA,$bGiorgio 702 1$aVACCÀ,$bCesare 801 0$aIT$bsalbc$gISBD 912 $a990000515880203316 951 $aX 32 XLV 6$b9088 G$cX 32 XLV 959 $aBK 969 $aGIU 996 $aContratti di viaggio e turismo$9666608 997 $aUNISA